| 000 | 01040nam a2200265Ia 4500 | ||
|---|---|---|---|
| 003 | OSt | ||
| 005 | 20220923211310.0 | ||
| 006 | a|||||r|||| 00| 0 | ||
| 007 | ta | ||
| 008 | 220922b |||||||| |||| 00| 0 hin d | ||
| 020 |
_a9788179755204 (hbk) _c200 |
||
| 024 | _a281,076 | ||
| 037 |
_bIN1063, 05/03/2014, Anamika Publishers & Distributor Pvt. Ltd. _cTextual |
||
| 040 |
_aARTS _cARTS _bhin |
||
| 041 |
_2hin _ahin |
||
| 082 | _aO152,1N505x, Q2 | ||
| 100 |
_aवाल्मीकी, ओम प्रकाश _9160188 |
||
| 245 | 0 | _aशब्द झूठ नहीं बोलते | |
| 246 | _aShabda zūṭh nahīan bolate | ||
| 260 |
_aनई दिल्ली _b अनामिका पब्लिशर्स _c2012 |
||
| 300 |
_a115पृ. _ccm. |
||
| 650 |
_aहिन्दी साहित्य _9156264 |
||
| 942 |
_hO152,1N505x, Q2 _cTEXL _2CC |
||
| 999 |
_c298226 _d298226 |
||